History Quiz

Random History or War Quiz
Score 0/30 Timer 08:00
7 Plays Today
% Correct
The Assassination of President Lincoln
99.4%
Joan of Arc is martyred
95.8%
John Lennon and Yoko Ono bed-in for peace
95.1%
George Washington crosses the Delaware river
95%
The campaign for women's suffrage
94.4%
Sir Isaac Newton discovers gravity
93.6%
Bonnie and Clyde
92.1%
The discovery of the tomb of Tutankhamun
89.9%
The Cuban Revolution
88.3%
Mt. Vesuvius erupts, destroying Pompeii and Herculaneum
86.7%
The Salem witch trials
81.1%
The Iraq War
80.4%
The launch of Sputnik
80.3%
Pocahontas saves Captain John Smith
78.8%
The Battle of the Alamo
72.6%
% Correct
The US flag is raised on Iwo Jima
71.8%
Live Aid
69.9%
The Munich Olympics (Munich Massacre)
69.3%
Gautama Buddha meditates beneath the Bodhi tree
60.6%
The Vikings raid Lindisfarne
59.9%
The Battle of Marathon
58.5%
The Charge of the Light Brigade
50%
The voyage of the HMS Beagle
49.9%
The murder of Lee Harvey Oswald
49.3%
The Battle of the Somme
47.5%
The discovery of Archimedes' principle
31.3%
The arrest of Ned Kelly
29.2%
Stephenson's Rocket
22.3%
The Easter Rising
21.5%
Giuseppe Garibaldi leads the Expedition of the Thousand
18.8%
Remove Ads.
Support Sporcle.
Get the best of Sporcle when you Go Orange. This ad-free experience offers more features, more stats, and more fun while also helping to support Sporcle. Thank you for becoming a member.

You're not logged in!

Compare scores with friends on all Sporcle quizzes.
OR
Log In

Show Comments

Extras

Top Quizzes Today


Score Distribution

Your Account Isn't Verified!

In order to create a playlist on Sporcle, you need to verify the email address you used during registration. Go to your Sporcle Settings to finish the process.

Report this User

Report this user for behavior that violates our Community Guidelines.

Details: